000 02174cam a22005174i 4500
003 PE-LiUPU
005 20250731165449.0
008 050405s2016 sp a rb 000 0 spa d
020 _a9782409001802
035 _a(Sirsi) a204108
040 _aESALI
_bspa
_cESALI
_dPE-LiUPU
_erda
049 _aPRUA
082 0 4 _a005.8
_bC28
_220
100 1 _aCarpentier, Jea-Francois,
_eautor.
245 1 3 _aLa seguridad informática en la PYME :
_bSituación actual y mejores prácticas /
_cJean-Francois Carpentier.
264 1 _aBarcelona :
_bENI,
_c2016.
300 _a436 páginas :
_bilustraciones ;
_c21 centímetros.
336 _atext
_2rdacontent
337 _aunmediated
_2rdamedia
338 _avolume
_2rdacarrier
505 0 _aSeguridad informática: aspectos generales -- La seguridad en la empresa -La red -- La seguridad en la empresa-los sistemas -- Movilidad y seguridad -- La seguridad de los datos -- El plan de contingencia informática -- El cloud computing -- Internet de los ebjetos o internet of things -- La sensibilización a la seguridad en las empresas.
526 _aSEG44
526 _aSEG26
526 _aP151
526 _aP150
526 _aP149
526 _aP146
526 _aP145
526 _aP126
526 _aP125
526 _aP92
526 _aP75
526 _aP74
526 _aP27
526 _aP15
541 _g0020-0002446;
541 _g0001-0042354;
650 1 4 _aProgramacion PHP.
650 1 4 _aPHP7(Lenguaje de programación).
910 _adbm
_bksl
_cksl
_d20180119
942 _2ddc
_cBOOK
994 _aC0
_bPEPRU
596 _a1
999 _a005.8 C28
_wLC
_c20485
_i76023
_d20485
_e2017-8-10
_f2021-11-9
_g4
_lCCODEBUL1
_mBUL
_n2
_p71.77
_r0
_sY
_tBOOK
_u2017-5-29
_xINGENIERIA
_PP27
_0COMPRA
_o.STAFF. Colección Ingeniería y Arquitectura
999 _a005.8 C28
_wLC
_c2
_i78104
_d2018-4-20
_e2018-4-19
_f2021-11-9
_g4
_lCCODEBUL1
_mBUL
_n1
_p73.11
_q1
_r0
_sY
_tBOOK
_u2018-1-19
_xINGENIERIA
_PP27
_0COMPRA
_o.STAFF. Colección Ingeniería y Arquitectura
980 _81
_gALBERTO SANCHEZ Responsable de Automatización